[Event "World op"]
[Site "Philadelphia"]
[Date "1995.??.??"]
[Round "6"]
[White "Shabalov, Alexander"]
[Black "Fang, Joseph"]
[Result "1-0"]
[WhiteElo "2555"]
[BlackElo "2395"]

1.e4 e5 2.d4 exd4 3.Qxd4 Qf6 4.Qe3 Qb6 5.Nc3 Bc5 6.Qg3 Ne7 7.Bd2 O-O 8.Na4 Qc6
9.Nxc5 Qxc5 10.O-O-O d6 11.Nf3 Nbc6 12.Kb1 Kh8 13.a3 b5 14.Ng5 b4 15.axb4 Nxb4
16.Qc3 Qxc3 17.Bxc3 h6 18.Bxb4 hxg5 19.Ba5 Bb7 20.Bxc7 Bxe4 21.Bxd6 Rfd8
22.Bd3 Rxd6 23.Bxe4 Rad8 24.Rxd6 Rxd6 25.Kc1 g6 26.c3 Kg7 27.Kc2 f5 28.Bd3 Kf6
29.Ra1 Rd7 30.Ra6+ Ke5 31.b4 Rc7 32.c4 g4 33.Kb3 g5 34.c5 Nd5 35.Bc4 Nf4
36.g3 Nh3 37.Kc3 Ke4 38.Ra2 Ng1 39.Bd3+ Ke5 40.Kc4 f4 41.b5 Nf3 42.Be2 Nxh2
43.c6 fxg3 44.fxg3 Nf3 45.Kc5 Nd4 46.Bc4 Rh7 47.Rd2  1-0

[Event "World op"]
[Site "Philadelphia"]
[Date "1995.??.??"]
[Round "7"]
[White "Sevillano, Enrico"]
[Black "Shabalov, Alexander"]
[Result "1-0"]
[WhiteElo "2440"]
[BlackElo "2555"]

1.e4 Nf6 2.e5 Nd5 3.c4 Nb6 4.c5 Nd5 5.Bc4 c6 6.Nc3 Nxc3 7.dxc3 b6 8.Qf3 e6
9.cxb6 axb6 10.Qg3 Ba6 11.Bxa6 Nxa6 12.Be3 Nc5 13.Bxc5 bxc5 14.Nf3 Qb6 15.O-O Qxb2
16.Ng5 Be7 17.Ne4 O-O 18.Rad1 Rfd8 19.Rd2 Qb6 20.Rfd1 Kf8 21.Qf4 Ra4 22.Rd3 Kg8
23.h3 h6 24.Rg3 Bg5 25.Qf3 Qb2 26.Nxg5 hxg5 27.Rxg5  1-0

[Event "Donner mem op"]
[Site "Amsterdam"]
[Date "1996.??.??"]
[Round "1"]
[White "Boesveld, Marco"]
[Black "Shabalov, Alexander"]
[Result "0-1"]
[WhiteElo "2235"]
[BlackElo "2565"]

1.d4 e6 2.c4 b6 3.Nf3 Bb7 4.g3 Bb4+ 5.Bd2 Bxf3 6.exf3 Bxd2+ 7.Qxd2 Ne7 8.Nc3 O-O
9.Bg2 d5 10.cxd5 exd5 11.O-O Nd7 12.f4 Nf6 13.Rac1 Qd7 14.Qc2 Rac8 15.Nb1 c5
16.Nd2 cxd4 17.Qd3 Qa4 18.a3 Nc6 19.Nb3 Ne4 20.Rfd1 g6 21.Bf3 Nc3 22.bxc3 Qxb3
23.f5 Ne5 24.Qe2 Nxf3+ 25.Qxf3 Rxc3 26.Qf4 Rf3 27.Qxd4 Rxf5 28.f4 h5 29.Rd3 Qa2
30.Re3 g5 31.Qd3 Qb2 32.Qxf5 Qxc1+ 33.Kf2 Qb2+ 34.Kf1 Qg7 35.fxg5 Qb2 36.Qxd5 Rc8
37.Re2 Qxa3 38.g6 Qc1+ 39.Kg2 Qc6 40.Re8+ Qxe8 41.gxf7+ Qxf7  0-1

[Event "Donner mem op"]
[Site "Amsterdam"]
[Date "1996.??.??"]
[Round "2"]
[White "Shabalov, Alexander"]
[Black "Afek, Yochanan"]
[Result "1-0"]
[WhiteElo "2565"]
[BlackElo "2355"]

1.e4 c5 2.Nf3 Nc6 3.Bb5 g6 4.O-O Bg7 5.Re1 e5 6.Bxc6 dxc6 7.d3 Be6 8.a3 Ne7
9.b4 c4 10.Bb2 cxd3 11.Nxe5 dxc2 12.Qxc2 O-O 13.Nd2 a5 14.Ndf3 axb4 15.axb4 Qd6
16.Bd4 Rxa1 17.Rxa1 Qc7 18.Qc3 Nc8 19.Nd3 Bxd4 20.Nxd4 Re8 21.Nc5 Bd7 22.h4 h5
23.f4 Bg4 24.e5 Rd8 25.Re1 Ne7 26.e6 Nd5 27.Qd2 b6 28.exf7+ Qxf7 29.Nxc6 Rd6
30.Ne7+ Kf8 31.f5 bxc5 32.fxg6 Qf4 33.Rf1 Qxf1+ 34.Kxf1 Kxe7 35.Qg5+ Nf6
36.Qxc5 Ke6 37.Qe3+ Kf5 38.Qg5+ Ke6 39.Qe3+ Kd7 40.g7 Rd1+ 41.Kf2 Be6 42.Qf3 Ng4+
43.Ke2 Rd5 44.Qf4 Rd6 45.b5 Nf6 46.Qb4 Nd5 47.Qc5 Ke7 48.Kf2 Nf6 49.Kg1 Bd5
50.b6 Ng4 51.b7  1-0

[Event "Donner mem op"]
[Site "Amsterdam"]
[Date "1996.??.??"]
[Round "3"]
[White "Garcia, Gildardo"]
[Black "Shabalov, Alexander"]
[Result "1/2-1/2"]
[WhiteElo "2495"]
[BlackElo "2565"]

1.e4 e5 2.Nf3 Nc6 3.Bb5 a6 4.Ba4 Nf6 5.O-O Be7 6.Re1 b5 7.Bb3 O-O 8.a4 d5
9.Bxd5 Nxd5 10.exd5 Nd4 11.Nxd4 exd4 12.axb5 Bd6 13.Ra4 Bf5 14.d3 axb5 15.Rxa8 Qxa8
16.Qf3 Re8 17.Rxe8+ Qxe8 18.Kf1 Qe5 19.Nd2 Bg6 20.g3 Bf5 21.g4 Bc8 22.Qe4 Qxe4
23.Nxe4 Bxg4 24.Nxd6 cxd6  1/2-1/2

[Event "Donner mem op"]
[Site "Amsterdam"]
[Date "1996.??.??"]
[Round "5"]
[White "Nijboer, Friso"]
[Black "Shabalov, Alexander"]
[Result "1/2-1/2"]
[WhiteElo "2525"]
[BlackElo "2565"]

1.e4 c5 2.Nf3 e6 3.d4 cxd4 4.Nxd4 Nf6 5.Nc3 d6 6.g4 Nc6 7.g5 Nd7 8.Be3 Be7
9.Rg1 O-O 10.Rg3 Re8 11.Qd2 a6 12.O-O-O Nxd4 13.Qxd4 b5 14.h4 Qa5 15.h5 b4
16.Nb1 Nc5 17.Qc4 Qc7 18.Qxb4 Bb7 19.Qc3 Rac8 20.h6 Bf8 21.Bxc5 dxc5 22.Nd2 Rcd8
23.e5 Rd4 24.Nb3 Rf4 25.Bg2 Bxg2 26.Rxg2 c4 27.Rgg1 Rb8 28.a3 Qb6 29.Rd4 Rxd4
30.Nxd4 Bxa3 31.Qxa3 Qxd4 32.Re1 Qxf2 33.Qe3 Qxe3+ 34.Rxe3 Rb5 35.Re4 Kf8
36.Kd2 gxh6 37.gxh6 Rxb2 38.Kc3 Rb5 39.Kxc4 Ke7 40.Kd4 a5 41.c4 Rb8 42.Re3 f6
43.exf6+ Kxf6 44.Rf3+ Kg5 45.c5 Rc8 46.Kc4 Kxh6 47.Rf6+ Kg5 48.Rxe6 h5 49.Ra6  1/2-1/2

[Event "Donner mem op"]
[Site "Amsterdam"]
[Date "1996.??.??"]
[Round "10"]
[White "Shabalov, Alexander"]
[Black "Fedorowicz, John P"]
[Result "1/2-1/2"]
[WhiteElo "2565"]
[BlackElo "2500"]

1.d4 Nf6 2.c4 c5 3.Nf3 cxd4 4.Nxd4 b6 5.Nc3 Bb7 6.f3 d6 7.e4 e6 8.Be2 a6
9.Be3 Nbd7 10.O-O Be7 11.a4 O-O 12.a5 bxa5 13.Nb3 Rb8 14.Nxa5 Ba8 15.Qd2 Re8
16.Kh1  1/2-1/2

[Event "Donner mem op"]
[Site "Amsterdam"]
[Date "1996.??.??"]
[Round "11"]
[White "Tiviakov, Sergei"]
[Black "Shabalov, Alexander"]
[Result "1-0"]
[WhiteElo "2615"]
[BlackElo "2565"]

1.e4 c6 2.d4 d5 3.Nd2 dxe4 4.Nxe4 Nd7 5.Ng5 Ngf6 6.Bd3 e6 7.N1f3 Bd6 8.Qe2 h6
9.Ne4 Nxe4 10.Qxe4 Qc7 11.Bd2 c5 12.Qg4 Kf8 13.O-O c4 14.Be2 b5 15.a4 g5
16.Qh3 Kg8 17.axb5 e5 18.Ba5 Qb8 19.Nd2 exd4 20.Nxc4 Ne5 21.Qh5 Bf5 22.Rad1 Bg6
23.Qh3 Nxc4 24.Bxc4 Qc8 25.Qb3 Qg4 26.Bd3 Bxd3 27.Rxd3 Re8 28.Qd5 Be5 29.Re1 Qe6
30.Rxd4 Kg7 31.Qxe6 Rxe6 32.Rde4 Bxb2 33.Rxe6 fxe6 34.Rxe6 Bd4 35.Rd6 Be5
36.Rd5 Bf6 37.Rd7+ Kg6 38.Rxa7 Bd4 39.Ra6+ Kf5 40.Bb6 Be5 41.Be3 h5 42.c4 g4
43.Rh6  1-0

[Event "Chicago op"]
[Site "Chicago"]
[Date "1996.??.??"]
[Round "?"]
[White "Tan, Oscar"]
[Black "Shabalov, Alexander"]
[Result "0-1"]
[WhiteElo "2275"]
[BlackElo "2605"]

1.e4 c6 2.d4 d5 3.e5 Bf5 4.Nf3 e6 5.Be2 Nd7 6.O-O Ne7 7.Be3 Bg4 8.Nh4 Bxe2
9.Qxe2 c5 10.c3 Nc6 11.Nf3 Be7 12.Nbd2 O-O 13.Rfd1 c4 14.Nf1 b5 15.Ng3 a5
16.Nd2 Nb6 17.f4 g6 18.Rf1 b4 19.Qg4 Kh8 20.Nf3 Na4 21.f5 exf5 22.Nxf5 gxf5
23.Qxf5 Rg8 24.Qxf7 Nxb2  0-1

[Event "Chicago op"]
[Site "Chicago"]
[Date "1997.??.??"]
[Round "2"]
[White "Delaune, Richard K"]
[Black "Shabalov, Alexander"]
[Result "0-1"]
[WhiteElo "2370"]
[BlackElo "2555"]

1.c4 e6 2.Nf3 b6 3.e4 Bb7 4.Nc3 Bb4 5.Bd3 Ne7 6.O-O O-O 7.Bc2 f5 8.Re1 Nbc6
9.b3 d5 10.exd5 exd5 11.cxd5 Nxd5 12.Nxd5 Qxd5 13.a3 Be7 14.b4 Kh8 15.Bb3 Qd8
16.Bb2 Bf6 17.d4 Ne7 18.Ne5 Nd5 19.Qf3 g6 20.Rac1 Qd6 21.b5 a6 22.Nc6 Nf4
23.g3 Nh3+ 24.Kg2 Ng5 25.Qd5 Qxd5+ 26.Bxd5 Rad8 27.Bc4 Bxd4 28.Bxd4+ Rxd4
29.h4 Bxc6+ 30.bxc6 Ne4 31.Bxa6 Ra8 32.Bf1 Rxa3 33.Rcd1 Rxd1 34.Rxd1 Nd6
35.Be2 Kg7 36.f4 Kf6 37.Bf3 Ra2+ 38.Kg1 Rc2 39.Rd3 Ne4 40.Rd7 Rxc6 41.Rxh7 b5
42.g4 b4 43.gxf5 Rc1+ 44.Kg2 gxf5  0-1

[Event "Chicago op"]
[Site "Chicago"]
[Date "1997.??.??"]
[Round "3"]
[White "Shabalov, Alexander"]
[Black "Yedidia, Jonathan"]
[Result "1-0"]
[WhiteElo "2555"]
[BlackElo "2420"]

1.e4 c5 2.Nf3 Nc6 3.d4 cxd4 4.Nxd4 Nf6 5.Nc3 e5 6.Ndb5 d6 7.Nd5 Nxd5 8.exd5 Nb8
9.c4 a6 10.Nc3 Be7 11.Bd3 O-O 12.O-O f5 13.f4 e4 14.Be2 Qb6+ 15.Kh1 Bf6 16.Qc2 Bd7
17.Rb1 a5 18.b3 Na6 19.a3 Rfc8 20.g4 Re8 21.g5 Bd4 22.Rd1 Bc5 23.Bb2 Re7
24.h4 Bf2 25.Bc1 Bxh4 26.Rf1 Bf2 27.b4 axb4 28.axb4 Bd4 29.Rd1 h6 30.Qd2 Bxc3
31.Qxc3 Qf2 32.Qe3 Qh4+ 33.Kg2 hxg5 34.Rh1 gxf4 35.Qxf4 Qf6 36.Bb2 Qg6+ 37.Kf1 Nxb4
38.Qh4 Qh6 39.Qxh6 gxh6 40.Bf6 Rh7 41.Rxb4 f4 42.Bh5 Bf5 43.Rh4 Rf8 44.Bd4 e3
45.Ke2 Rc7 46.Bf3 b5 47.Rxb5 Rxc4 48.Rxf4 Re8 49.Rb7 Rc2+ 50.Ke1 Rc1+ 51.Bd1 Re4
52.Rg7+ Kf8 53.Rxf5+ Ke8 54.Bxe3  1-0

[Event "Chicago op"]
[Site "Chicago"]
[Date "1997.??.??"]
[Round "4"]
[White "Atalik, Suat"]
[Black "Shabalov, Alexander"]
[Result "1-0"]
[WhiteElo "2555"]
[BlackElo "2555"]

1.d4 e6 2.Nf3 f5 3.d5 exd5 4.Qxd5 d6 5.Ng5 Qe7 6.Nxh7 c6 7.Qb3 Be6 8.Qg3 Nd7
9.Nxf8 Nxf8 10.Bg5 Nf6 11.Nc3 N8h7 12.e3 Nxg5 13.Qxg5 O-O-O 14.Be2 Qf7 15.Qf4 a6
16.O-O-O Nd5 17.Nxd5 Bxd5 18.f3 Qf6 19.c4 Bf7 20.g4 fxg4 21.Qxf6 gxf6 22.fxg4 Rh3
23.e4 Be6 24.Rhf1 Rxh2 25.Rxf6 Kd7 26.Rd2 Ke7 27.Rg6 Rf8 28.Rg7+ Rf7 29.Rxf7+ Bxf7
30.b3 Bg6 31.Bd3 Rh1+ 32.Kb2 Ke6 33.e5 Bxd3 34.exd6 Kxd6 35.Rxd3+ Kc5 36.Rg3 Rh2+
37.Kc3 Rxa2 38.g5 Rf2 39.g6 Rf8 40.Rg5+ Kb6 41.g7 Rg8 42.Kd4 a5 43.Rg6 a4
44.bxa4 Ka5 45.Kc5 Ka6 46.Rg4 Ka5 47.Rg5 Kxa4 48.Kb6  1-0

[Event "Chicago op"]
[Site "Chicago"]
[Date "1997.??.??"]
[Round "5"]
[White "Shabalov, Alexander"]
[Black "Balandin, Aleksey"]
[Result "1-0"]
[WhiteElo "2555"]
[BlackElo "2370"]

1.e4 c6 2.d4 d5 3.e5 Na6 4.c3 Nc7 5.Bd3 g6 6.h3 h5 7.Nf3 Nh6 8.Nbd2 Bf5 9.Be2 Qd7
10.b4 a5 11.bxa5 Rxa5 12.a4 Bg7 13.Nb3 Ra7 14.a5 Qc8 15.Nc5 Ne6 16.Na4 Be4
17.Nb6 Qd8 18.Nh4 Nf5 19.Nxf5 Bxf5 20.Be3 Nc7 21.O-O O-O 22.g4 hxg4 23.hxg4 Be6
24.f4 f5 25.exf6 exf6 26.f5 Bf7 27.Bd3 g5 28.Qf3 Na8 29.Nxa8 Rxa8 30.a6 bxa6
31.Ra2 Re8 32.Bc1 Qe7 33.Qh3 a5 34.Rh2 a4 35.Bxg5 a3 36.Bd2 a2 37.Ra1 Qa3
38.g5 Qb2 39.Qf1  1-0

[Event "Chicago op"]
[Site "Chicago"]
[Date "1997.??.??"]
[Round "7"]
[White "Kudrin, Sergey"]
[Black "Shabalov, Alexander"]
[Result "0-1"]
[WhiteElo "2515"]
[BlackElo "2555"]

1.e4 c5 2.Nf3 Nc6 3.d4 cxd4 4.Nxd4 e5 5.Nb5 d6 6.c4 Be7 7.N1c3 a6 8.Na3 f5
9.exf5 Bxf5 10.Bd3 Be6 11.Be4 Nf6 12.Bd5 Bf5 13.Be3 Qd7 14.Nc2 Bd8 15.O-O Ne7
16.Rc1 Rc8 17.Bg5 Nexd5 18.cxd5 O-O 19.a4 Bb6 20.Ne3 Bg6 21.b3 Rxc3 22.Rxc3 Ne4
23.Nc4 Nxc3 24.Nxb6 Qc7 25.Qe1 Bd3 26.Be3 Bxf1 27.Kxf1 Ne4 28.a5 Qc2 29.b4 Nc3
30.Qd2 Qb1+  0-1

[Event "New York op"]
[Site "New York"]
[Date "1997.??.??"]
[Round "?"]
[White "Sagalchik, Gennadij"]
[Black "Shabalov, Alexander"]
[Result "1/2-1/2"]
[WhiteElo "2550"]
[BlackElo "2555"]

1.d4 e6 2.e4 d5 3.Nd2 Nf6 4.e5 Ng8 5.Ngf3 c5 6.c3 Nc6 7.Bd3 Bd7 8.O-O Qc7
9.dxc5 Nxe5 10.Nxe5 Qxe5 11.Re1 Qc7 12.b4 Nf6 13.Bb2 Be7 14.c4 O-O 15.Be5 Qd8
16.Rc1 g6 17.Qf3 dxc4 18.Nxc4 Bc6 19.Qh3 Nd7 20.Bd6 Bxd6 21.Nxd6 a5 22.a3 axb4
23.axb4 Ra3 24.Re3 Qf6 25.Bf1 Ra2 26.Qg3 Qb2 27.Re2 Qxc1 28.Rxa2 b6 29.cxb6 Qb1
30.Qa3 Ra8 31.Qxa8+ Bxa8 32.Rxa8+ Kg7 33.b7 Qxb4 34.Rd8 Qxd6 35.Rxd7 Qb6
36.g3 e5 37.h4 e4 38.Bg2 e3 39.fxe3 g5 40.Re7 gxh4 41.Re8 Qb1+ 42.Kh2 hxg3+
43.Kxg3 Qg6+ 44.Kh2 Qd6+ 45.Kg1 Qd1+  1/2-1/2

[Event "New York op"]
[Site "New York"]
[Date "1997.??.??"]
[Round "?"]
[White "Vaganian, Rafael A"]
[Black "Shabalov, Alexander"]
[Result "0-1"]
[WhiteElo "2585"]
[BlackElo "2555"]

1.Nf3 e6 2.g3 b6 3.Bg2 Bb7 4.O-O f5 5.c4 Nf6 6.Nc3 g6 7.d3 Bg7 8.Re1 O-O
9.e4 fxe4 10.dxe4 Nc6 11.Bf4 Ng4 12.Qd2 d6 13.Rad1 Qe7 14.Qe2 Nge5 15.Be3 Nxf3+
16.Bxf3 Bxc3 17.bxc3 Ne5 18.Bg2 Ba6 19.Bh6 Rfe8 20.Qd2 Bxc4 21.Bg5 Qg7 22.f4 Nd3
23.e5 Nxe1 24.Bxa8 Rxa8 25.Qxe1 Bxa2 26.Qe4 Rf8 27.exd6 cxd6 28.c4 h6 29.Qxe6+ Kh8
30.Qh3 Kh7 31.Rxd6 Bxc4 32.Rd7 Rf7 33.Rd8 h5 34.Qg2 Rd7 35.Rxd7 Qxd7 36.Qe4 b5
37.Qe7+ Qxe7 38.Bxe7 Kg7 39.Kf2 Kf7 40.Bc5 a5 41.Ke3 Ke6 42.Ke4 Bf1 43.Bb6 a4
44.Bc5 Bg2+ 45.Kd4 Kf5 46.Ke3 Kg4 47.Kf2 Kh3 48.Kg1 Be4 49.Be7 Bb1 50.Bd6 Kg4
51.Kf2 Kf5 52.Ke3 Ke6 53.Bf8 Kd5 54.h3 Kc4 55.g4 b4 56.f5 gxf5 57.gxh5 f4+
58.Kxf4 b3 59.Ke3 b2  0-1

[Event "New York op"]
[Site "New York"]
[Date "1997.??.??"]
[Round "?"]
[White "Zlotnikov, Mikhail"]
[Black "Shabalov, Alexander"]
[Result "0-1"]
[WhiteElo "2360"]
[BlackElo "2555"]

1.Nf3 e6 2.c4 b6 3.Nc3 Bb7 4.e4 Bb4 5.Bd3 Ne7 6.O-O O-O 7.Bc2 f5 8.e5 Bxf3
9.gxf3 Ng6 10.d4 Qh4 11.Ne2 Nc6 12.f4 Qg4+ 13.Ng3 Qh3 14.f3 Nxd4 15.Be3 Nh4
16.Rf2 Be1 17.Bxd4 Bxf2+ 18.Kxf2 Qxh2+ 19.Ke3 Qxg3 20.Qe2 c5 21.Bc3 d5 22.exd6 Ng2+
23.Kd2  0-1

[Event "World op"]
[Site "Philadelphia"]
[Date "1997.??.??"]
[Round "2"]
[White "Shabalov, Alexander"]
[Black "Roper, David C"]
[Result "1-0"]
[WhiteElo "2585"]
[BlackElo "2255"]

1.d4 f5 2.Nf3 Nf6 3.g3 g6 4.Bg2 Bg7 5.O-O O-O 6.c4 d6 7.Nc3 c6 8.Re1 Nh5
9.h3 e5 10.dxe5 dxe5 11.Qxd8 Rxd8 12.e4 Re8 13.b3 Nd7 14.Ba3 Bf8 15.Bb2 Bc5
16.Na4 Bb4 17.Re2 f4 18.g4 Ng7 19.Rd1 Ba5 20.Bf1 Bc7 21.c5 Ne6 22.Rc2 Kf8
23.b4 b5 24.cxb6 axb6 25.Nc3 Nd4 26.Nxd4 exd4 27.Nb5 Be5 28.Nxd4 c5 29.Nf3 Rxa2
30.Nxe5 Nxe5 31.Bb5 Nf3+ 32.Kg2 Nd4 33.Rxd4 cxd4 34.Bxe8 Bb7 35.Kf3 Kxe8
36.Kxf4 Kd7 37.Ke5 d3 38.Rd2 Ke7 39.f4 Ba6 40.f5 gxf5 41.gxf5 Bc4 42.Kf4 Ra8
43.Bd4 b5 44.e5 Ra2 45.Be3 Rxd2 46.Bxd2 Bd5 47.Ke3 Bg2 48.h4 Bh3 49.Ke4 h5
50.e6  1-0

[Event "World op"]
[Site "Philadelphia"]
[Date "1997.??.??"]
[Round "5"]
[White "Kreiman, Boris"]
[Black "Shabalov, Alexander"]
[Result "0-1"]
[WhiteElo "2465"]
[BlackElo "2585"]

1.e4 e6 2.d4 d5 3.Nc3 Bb4 4.e5 c5 5.a3 Bxc3+ 6.bxc3 Ne7 7.Qg4 O-O 8.Bd3 Nbc6
9.Qh5 Nf5 10.Nf3 c4 11.Bg5 Qa5 12.Bxf5 Qxc3+ 13.Bd2 Qxa1+ 14.Ke2 g6 15.Qh4 Qxh1
16.Qf6 Qxg2 17.Bh6 Nxd4+ 18.Nxd4 gxf5 19.Bxf8 Bd7 20.Bh6 Qg6 21.Nf3 Ba4 22.Nd4 Re8
23.f4 a5 24.c3 Bd7 25.Nf3 b5 26.Qh4 b4 27.axb4 axb4 28.cxb4 c3 29.Kd3 Rc8
30.Nd4 c2 31.Nxc2 Bb5+ 32.Ke3 Qg1+ 33.Kd2 Qg2+  0-1

[Event "Europe vs Americas"]
[Site "Mermaid Beach"]
[Date "1998.01.30"]
[Round "5"]
[White "Fridman, Daniel"]
[Black "Shabalov, Alexander"]
[Result "0-1"]
[WhiteElo "2520"]
[BlackElo "2615"]

1.c4 e6 2.Nf3 Nf6 3.g3 a6 4.Bg2 b5 5.b3 c5 6.O-O Bb7 7.Nc3 Qb6 8.e3 Be7 9.Qe2 O-O
10.Bb2 d5 11.cxb5 axb5 12.Qxb5 Qc7 13.Qe2 Nc6 14.Rfc1 Ba6 15.Qd1 e5 16.d4 e4
17.Ne5 Nxe5 18.dxe5 Qxe5 19.Na4 Qf5 20.Nxc5 Ng4 21.Qd2 Bc8 22.Rc2 h5 23.b4 h4
24.a4 hxg3 25.fxg3 Qh5 26.h3 Ne5 27.g4 Bxg4 28.hxg4 Nxg4 29.Bf1 Rad8 30.Qd1 Bd6
31.Bd4 Bh2+ 32.Kh1 Bg3+ 33.Kg1 Rd6 34.Raa2 Rh6 35.Bg2 Bh2+  0-1

[Event "Europe vs Americas"]
[Site "Mermaid Beach"]
[Date "1998.01.31"]
[Round "6"]
[White "Shabalov, Alexander"]
[Black "Bezold, Michael"]
[Result "1-0"]
[WhiteElo "2615"]
[BlackElo "2490"]

1.d4 Nf6 2.c4 e6 3.Nc3 Bb4 4.e3 c5 5.Bd3 d5 6.Nf3 O-O 7.O-O Nbd7 8.Bd2 cxd4
9.exd4 Bxc3 10.Bxc3 b6 11.b3 Bb7 12.Rc1 dxc4 13.bxc4 Re8 14.Re1 Qc7 15.h3 Rac8
16.a4 a5 17.Re3 h6 18.Qe2 Nh5 19.Qd2 Nf4 20.Bf1 Red8 21.Rce1 Ng6 22.Qb2 Bxf3
23.Rxf3 Nh4 24.Rd3 Qxc4 25.d5 e5 26.Rg3 Qxd5 27.Bxe5 Nf5 28.Rd3 Qe6 29.Qd2 Qc6
30.Rd5 Ne7 31.Rd6 Qxa4 32.Bxg7 Nf5 33.Ba1 Rc2 34.Qd3 Qf4 35.Qxc2 Nxd6 36.Qc7  1-0

[Event "Europe vs Americas"]
[Site "Mermaid Beach"]
[Date "1998.02.01"]
[Round "7"]
[White "Mueller, Karsten"]
[Black "Shabalov, Alexander"]
[Result "0-1"]
[WhiteElo "2515"]
[BlackElo "2615"]

1.e4 c5 2.Nf3 Nc6 3.d4 cxd4 4.Nxd4 e5 5.Nb5 d6 6.c4 Be7 7.N1c3 a6 8.Na3 f5
9.exf5 Bxf5 10.Bd3 Be6 11.O-O Nf6 12.Bg5 O-O 13.Nc2 Ng4 14.Bxe7 Qxe7 15.h3 Nh6
16.Ne3 Rad8 17.Be4 Kh8 18.Qd3 Qh4 19.Ncd5 Rf7 20.Rad1 Rdf8 21.Rd2 Nd4 22.Nc2 Nhf5
23.Nxd4 Nxd4 24.f3 Qg3 25.f4 Qxd3 26.Bxd3 Bxd5 27.cxd5 Rxf4 28.Rxf4 Rxf4
29.Rd1 g6 30.g3 Rf7 31.Rc1 Rf3 32.Rc8+ Kg7 33.Rc7+ Kf6 34.Be4 Re3 35.Bg2 e4
36.Rxb7 Re1+ 37.Kf2 Re2+ 38.Kf1 e3 39.Be4 g5 40.Rb8 h5 41.Rf8+ Ke7 42.Rb8 Rd2
43.Ke1 g4 44.hxg4 hxg4 45.Rb4 Kd8 46.Rb8+ Kc7 47.Rf8 Rxb2 48.Rf4 Rxa2 49.Bb1 Re2+  0-1

[Event "Europe vs Americas"]
[Site "Mermaid Beach"]
[Date "1998.02.04"]
[Round "10"]
[White "Shabalov, Alexander"]
[Black "Hodgson, Julian M"]
[Result "1/2-1/2"]
[WhiteElo "2615"]
[BlackElo "2575"]

1.e4 e6 2.d4 d5 3.Nc3 dxe4 4.Nxe4 Bd7 5.Nf3 Bc6 6.Bd3 Nd7 7.O-O Ngf6 8.Ng3 Be7
9.b3 O-O 10.Bb2 Bxf3 11.Qxf3 c6  1/2-1/2

[Event "New York op"]
[Site "New York"]
[Date "1998.03.21"]
[Round "8"]
[White "Luther, Thomas"]
[Black "Shabalov, Alexander"]
[Result "0-1"]
[WhiteElo "2510"]
[BlackElo "2615"]

1.e4 c5 2.Nf3 Nc6 3.d4 cxd4 4.Nxd4 e5 5.Nb5 d6 6.c4 Be7 7.b3 f5 8.Ba3 Nf6
9.Nxd6+ Bxd6 10.Qxd6 Qxd6 11.Bxd6 Nxe4 12.Ba3 Nd4 13.Bd3 b6 14.O-O Bb7 15.Rc1 O-O-O
16.Bf1 Kb8 17.f3 Nc5 18.b4 Nce6 19.Nc3 e4 20.fxe4 fxe4 21.Nd1 Nf4 22.Kh1 Nd3
23.Rc3 Nf5 24.c5 bxc5 25.bxc5 Bc6 26.Kg1 Rhe8 27.g4 Nd4 28.Ne3 h5 29.Rb1+ Ka8
30.Bc1 Nf3+ 31.Kg2 Nxc1 32.Rbxc1 Rd2+ 33.Kg3 h4+ 34.Kf4 Rf8+  0-1

[Event "Toronto op"]
[Site "Toronto"]
[Date "1998.05.14"]
[Round "1"]
[White "Djerkovic, Miladin"]
[Black "Shabalov, Alexander"]
[Result "0-1"]
[WhiteElo "2265"]
[BlackElo "2615"]

1.e4 d6 2.d4 g6 3.Nf3 Bg7 4.Nc3 a6 5.a4 Nf6 6.Be2 O-O 7.O-O Nbd7 8.h3 e5
9.dxe5 dxe5 10.Be3 b6 11.Nd2 Bb7 12.b4 Qe7 13.Rb1 Rfd8 14.Bf3 Nf8 15.Qc1 Ne6
16.g3 Nd4 17.Bg2 a5 18.Bxd4 Rxd4 19.Nb3 Rxb4 20.Qe3 Rd8 21.Rfd1 Rxd1+ 22.Rxd1 Ne8
23.Bf1 Nd6 24.f3 h5 25.Nb5 h4 26.Nxd6 cxd6 27.Bb5 hxg3 28.Qxb6 Qh4 29.Kg2 Bxe4
30.fxe4 Qxe4+ 31.Kxg3 Qxc2 32.Qxd6 Rxb3+ 33.Rd3 Rb2 34.Qd8+ Bf8 35.Qf6 Qg2+  0-1

[Event "Toronto op"]
[Site "Toronto"]
[Date "1998.05.16"]
[Round "5"]
[White "Gardner, Robert"]
[Black "Shabalov, Alexander"]
[Result "0-1"]
[WhiteElo "2180"]
[BlackElo "2615"]

1.e4 Nf6 2.e5 Nd5 3.c4 Nb6 4.d4 d6 5.exd6 cxd6 6.Be3 g6 7.Bd3 Bg7 8.Nc3 O-O
9.Nge2 Nc6 10.O-O e5 11.dxe5 dxe5 12.b3 Be6 13.Bc5 Re8 14.Be4 Qh4 15.f3 Rad8
16.Qe1 Qh6 17.Nb5 Nd4 18.Nexd4 exd4 19.Nxa7 Nd7 20.Bb4 d3 21.Nb5 Be5 22.g3 Bxa1
23.Qxa1 f5 24.Bxb7 Qe3+ 25.Rf2 Qb6 26.Qd4 Qxd4 27.Nxd4 Rb8 28.Nxe6 Rxb7 29.Nc5 Nxc5
30.Bxc5 Re1+ 31.Kg2 Rc1 32.f4 Rc2 33.Be3 Rd7 34.Rd2 Rxd2+ 35.Bxd2 Re7 36.Kf3 Re2
37.Bb4 Rxh2 38.Ke3 Rxa2 39.Kxd3 Kf7 40.Bc3 Ke6 41.b4 Rg2 42.Be1 Kd6 43.Kd4 Re2
44.Bc3 Re4+ 45.Kd3 g5 46.Bd2 g4 47.Bc3 Ke6 48.Be5 Re1 49.b5 Rg1 50.b6 Rb1
51.Bd4 Kd7 52.Bf2 Rb2 53.Bd4 Rg2 54.Bf6 Rxg3+ 55.Kd4 Kc6 56.Ke5 Rd3 57.Kxf5 g3
58.Bh4 g2 59.Bf2 Rd1  0-1

[Event "World op"]
[Site "Philadelphia"]
[Date "1998.06.28"]
[Round "2"]
[White "Shabalov, Alexander"]
[Black "Karklins, Andrew"]
[Result "1-0"]
[WhiteElo "2615"]
[BlackElo "2350"]

1.Nf3 Nf6 2.c4 e6 3.Nc3 Bb4 4.g4 h6 5.Rg1 c5 6.h4 Nc6 7.g5 hxg5 8.hxg5 Ng8
9.g6 f5 10.a3 Ba5 11.e4 Nf6 12.Ng5 Ng4 13.Nf7 Qh4 14.Rxg4 fxg4 15.Nxh8 Nd4
16.Nf7 Nf3+ 17.Ke2 Nd4+ 18.Ke3 Bc7 19.Nb5 Nxb5 20.cxb5 d5 21.Bg2 Bd7 22.a4 c4
23.Qh1 Bb6+ 24.d4 cxd3 25.Kxd3 Qxf2 26.Qh8+ Ke7 27.Bg5+  1-0

[Event "World op"]
[Site "Philadelphia"]
[Date "1998.06.30"]
[Round "4"]
[White "Shabalov, Alexander"]
[Black "Rogers, Norman"]
[Result "1-0"]
[WhiteElo "2615"]
[BlackElo "2210"]

1.d4 Nf6 2.c4 g6 3.Nc3 Bg7 4.e4 d6 5.Nf3 O-O 6.h3 Nbd7 7.Bg5 c6 8.Bd3 e5
9.d5 cxd5 10.exd5 a6 11.Qd2 Nc5 12.Bc2 Qb6 13.Rb1 a5 14.O-O Bd7 15.Qe3 Rfc8
16.Nd2 Qa6 17.f4 Nh5 18.fxe5 dxe5 19.Be7 Bf8 20.Bxf8 Kxf8 21.Nf3 Qd6 22.Qh6+ Ke7
23.Ng5 Be8 24.Qxh7 Nf6 25.Qh4 b5 26.Nh7 Nd7 27.Kh1 Rab8 28.Bd3 Rc5 29.a4 bxa4
30.Nxa4 Rcc8 31.Be2 Rb3 32.Bg4 g5 33.Qxg5 Nf8 34.Nxf6 Bxa4 35.Nh5+  1-0

[Event "World op"]
[Site "Philadelphia"]
[Date "1998.07.03"]
[Round "7"]
[White "Kreiman, Boris"]
[Black "Shabalov, Alexander"]
[Result "1-0"]
[WhiteElo "2445"]
[BlackElo "2615"]

1.e4 c5 2.Nf3 Nc6 3.d4 cxd4 4.Nxd4 e5 5.Nb5 d6 6.N1c3 a6 7.Na3 b5 8.Nd5 Nce7
9.c4 Nxd5 10.cxd5 Nf6 11.Bd3 Bg4 12.f3 Bd7 13.Be3 Be7 14.Qd2 O-O 15.Nc2 Nh5
16.g3 g6 17.O-O-O a5 18.Kb1 b4 19.f4 b3 20.axb3 Qb8 21.Bc4 Nf6 22.fxe5 dxe5
23.d6 Bd8 24.Bh6 Re8 25.Rhf1 Re6 26.Rf3 a4 27.b4 Qb6 28.Rdf1 Rxd6 29.Rxf6 Bxf6
30.Rxf6 Rxf6 31.Qxd7 Qg1+ 32.Bc1 Kg7 33.Ne3 a3 34.bxa3 Rxa3 35.Nc2 Rc3 36.Qd5 Qxh2
37.Bb3 Qxg3 38.Kb2 h5 39.b5 h4  1-0

[Event "Elista ol (Men)"]
[Site "Elista"]
[Date "1998.09.30"]
[Round "2"]
[White "Shabalov, Alexander"]
[Black "Yurtaev, Leonid"]
[Result "1-0"]
[WhiteElo "2645"]
[BlackElo "2540"]

1.e4 e5 2.Nf3 Nc6 3.d4 exd4 4.Nxd4 Nf6 5.Nxc6 bxc6 6.e5 Qe7 7.Qe2 Nd5 8.c4 Nb6
9.Nd2 a5 10.g3 Qe6 11.b3 a4 12.Bb2 Bb4 13.Bg2 O-O 14.O-O a3 15.Bd4 c5 16.Be3 Qxe5
17.Bxa8 Nxa8 18.Qf3 Nb6 19.Bf4 Qe6 20.Rfe1 Qg6 21.Bxc7 Bxd2 22.Red1 Nxc4
23.bxc4 Bb4 24.Bd6 Re8 25.Qd5 Qe4 26.Rd3 Bb7 27.Qxe4 Rxe4 28.Bf4 Bc6 29.Re3 Rxe3
30.Bxe3 Kf8 31.Kf1 Ke7 32.Ke2 Ke6 33.Bd2 d5 34.Bxb4 cxb4 35.Kd3 Ke5 36.f4+ Kf5
37.Kd4 dxc4 38.Kxc4 Kg4 39.Kxb4 Kh3 40.Rc1 Bd5 41.Rc2 h5 42.Kxa3 Bg2 43.Rxg2 Kxg2
44.Kb4  1-0

[Event "Elista ol (Men)"]
[Site "Elista"]
[Date "1998.10.02"]
[Round "4"]
[White "Rublevsky, Sergei"]
[Black "Shabalov, Alexander"]
[Result "1-0"]
[WhiteElo "2685"]
[BlackElo "2645"]

1.e4 c5 2.Nf3 Nc6 3.Bb5 e6 4.O-O Nge7 5.c3 d5 6.exd5 Qxd5 7.Re1 Bd7 8.Na3 Ng6
9.Bc4 Qh5 10.d4 cxd4 11.Nb5 Rc8 12.Be2 Qd5 13.Nfxd4 a6 14.Bf3 Qc5 15.Be3 Nce5
16.Bxb7 axb5 17.Nxe6 fxe6 18.Bxc5 Rxc5 19.Be4 Be7 20.Qd4 Rf8 21.Rad1 Bc8
22.b4 Rc4 23.Qb6 Kf7 24.Qxb5 Rxc3 25.Rc1 Rxc1 26.Rxc1 Bd7 27.Bxg6+ Kf6 28.Qb7 hxg6
29.f4 Nd3 30.Rc7  1-0

[Event "Elista ol (Men)"]
[Site "Elista"]
[Date "1998.10.04"]
[Round "6"]
[White "Giorgadze, Giorgi"]
[Black "Shabalov, Alexander"]
[Result "0-1"]
[WhiteElo "2610"]
[BlackElo "2645"]

1.d4 e6 2.c4 b6 3.Nc3 Bb7 4.e3 f5 5.Nh3 Nf6 6.f3 g6 7.Bd3 Bg7 8.O-O O-O 9.e4 Nc6
10.d5 Ne5 11.Be2 fxe4 12.fxe4 Qe7 13.Kh1 Rae8 14.Bf4 exd5 15.cxd5 c6 16.Bg3 cxd5
17.exd5 Qc5 18.Bf2 Qc8 19.Nf4 Kh8 20.Rc1 Qa8 21.Bh4 a6 22.a4 h6 23.Bxf6 Rxf6
24.Qd2 Qb8 25.Rcd1 Ref8 26.h3 Qc7 27.Ne4 R6f7 28.b3 Kh7 29.Qe3 Qb8 30.Rf2 Ng4
31.Bxg4 Rxf4 32.Rxf4 Rxf4 33.Bf3 Qe5 34.Qxb6 Bxd5 35.Ng5+ hxg5 36.Rxd5 Qe7
37.Qa7 g4 38.Bxg4 Rf1+ 39.Kh2 Qe1  0-1